000
00403nam a2200145Ia 4500
008
100204s9999 xx 000 0 und d
082
_b
11828
100
_a
शिरवळकर सुहास
245
_a
सालम
260
_b
"मधुर पब्लिकेशन , पुणे 2"
_c
1985
300
_a
228
630
_a
सालम
730
_a
सालम
942
_c
BOOK
999
_c
456240
_d
456237